00830nam a2200313Ia 4500008004000000041000800040082001300048100001400061245008700075260004700162300000800209440000700217650001100224650001200235650001000247650001300257650001100270650000800281650000700289650001400296650001000310650001400320650000800334650000600342690002400348906001100372999001900383952011400402210210b1970 xxu||||| |||| 00| 0 eng d aeng a828 AURA aAUROBINDO aAurobindo birth centenary library: savitri; a legend and a symbol parts II and III aPondicherrybBirth centenary libraryc1970 a816 a29 asymbol asavitri aparts alibrary: alegend aIII aII acentenary abirth aAurobindo aand aa aEnglish Collections a030613 c142767d142767 001040748EnglishaALbALcRared2021-02-17g0.00l0o828 AURAp030613r2021-02-17 00:00:00w2021-02-17yBK